000 00751cam a2200241 a 4500
001 000005273
005 20200929151628.0
008 940525s2000 sp a 001 f spa
020 _a8437609550
040 _aDO-SdBNP
_bspa
_cBNPHU
082 _a863.6
_bJ37e, 2000
100 1 _aJardiel Poncela, Enrique,
_d1901-1952.
_915030
245 1 0 _aEsperame en Siberia, vida mia! /
_cEnrique Jardiel Poncela ; edición de Roberto Pérez.
250 _a3a ed.
260 _aMadrid :
_bCátedra,
_c2000.
300 _a489 p. :
_bil. ;
_c19 cm.
440 0 _aLetras hispánicas ;
_v325
_94208
650 4 _aNovela española
_91123
650 4 _aLiteratura española
_9632
650 4 _aNovela amorosa
_913334
910 _aCatalogación derivada
910 _aWM
999 _c5074
_d5074